000 00328nam a2200145Ia 4500
100 _aDeyhimi D.D./ Mosley/David
942 _cBK
654 _aComputer
245 _aAdvanced Power builder 5 Techniques
260 _bJohn Wiley
_aNew york
_c1997
082 _a5.2
_bDEV
300 _a875
546 _aENGLISH
999 _c28113
_d28113